Mode of entry of Phytophthora in Hevea brasiliensis (Record no. 50363)

MARC details
000 -LEADER
fixed length control field 00475nam a2200145Ia 4500
100 ## - MAIN ENTRY--AUTHOR NAME
Personal name Thankamma L.
245 #0 - TITLE STATEMENT
Title Mode of entry of Phytophthora in Hevea brasiliensis
260 ## - PUBLICATION, DISTRIBUTION, ETC. (IMPRINT)
Name of publisher Proceedings of the International Rubber Conference, 1975, Kuala Lumpur, Malaysia, V 3, pp. 213-216.
Year of publication 1976
650 ## - SUBJECT ADDED ENTRY--TOPICAL TERM
Topical Term Phytophthora
650 ## - SUBJECT ADDED ENTRY--TOPICAL TERM
Topical Term Zoospore germination
700 ## - ADDED ENTRY--PERSONAL NAME
Personal name Pillay P.N.R.
700 ## - ADDED ENTRY--PERSONAL NAME
Personal name Rajalakshmy V.K.
942 ## - ADDED ENTRY ELEMENTS (KOHA)
Koha item type Bibliography STAF
Holdings
Withdrawn status Lost status Damaged status Not for loan Home library Current library Shelving location Date acquired Koha item type
      Bibliography RRII Library RRII Library Pathology 09/04/2014 Bibliography STAF